000 00264nam a2200109Ia 4500
005 20251222143309.0
008 251222s9999||||xx |||||||||||||| ||spa||
082 _a927.914/S17
100 _a"Singer, Kurt"
245 0 _aLa historia de Charles Laughton
942 _cLIB
999 _c15625
_d15625